Classifying immersions into IR4 over stable maps of 3-manifolds into IR2
Αποθηκεύτηκε σε:
| Κύριος συγγραφέας: | |
|---|---|
| Μορφή: | Βιβλίο |
| Γλώσσα: | English |
| Δημοσίευση: |
Berlin ; New York :
Springer-Verlag,
c1985
|
| Σειρά: | Lecture notes in mathematics (Springer-Verlag)
; 1157 |
| Θέματα: | |
| Ετικέτες: |
Προσθήκη ετικέτας
Δεν υπάρχουν, Καταχωρήστε ετικέτα πρώτοι!
|
MARC
| LEADER | 00000nam a2200000 i 4500 | ||
|---|---|---|---|
| 001 | 1/63223 | ||
| 008 | 941103s1985 eng d | ||
| 020 | |a 3-540-15995-9 | ||
| 035 | |a 1993 |l 10046753 | ||
| 040 | |a GR-MY-UA |b gre |e aacr | ||
| 041 | 0 | |a eng | |
| 082 | 0 | |a 516.36 | |
| 100 | 1 | |a Levine, Harold |d 1922- | |
| 245 | 1 | 0 | |a Classifying immersions into IR4 over stable maps of 3-manifolds into IR2 / |c Harold Levine |
| 260 | |a Berlin ; New York : |b Springer-Verlag, |c c1985 | ||
| 300 | |a iv, 163 p.; |b ill.; |c 25 cm. | ||
| 490 | 1 | |a Lecture notes in mathematics (Springer-Verlag) |v ; 1157 | |
| 500 | |a Includes bibliographical references and index | ||
| 650 | 0 | 0 | |a Differentiable mappings. |
| 650 | 0 | 0 | |a Immersions (Mathematics) |
| 830 | 0 | |a Lecture notes in mathematics (Springer-Verlag) |v ; 1157 | |
| 852 | |a INST |b SAMOS |e 19941103 |h 516.36 LEV |p 005300008183 |q 005300008183 |t BK |y 0 | ||
| 909 | |a Σ |b 029014 | ||